[Event "HCL-B186"]
[Site "www.playchess.de"]
[Date "2001.02.27"]
[Round "6"]
[White "dg"]
[Black "Bauernopfer"]
[WhiteElo "1101"]
[BlackElo "1307"]
[PlyCount "106"]
[Result "1/2-1/2"]

1.e4 e5 2.Nf3 Nc6 3.Bb5 Nge7 4.d3 a6 5.Bxc6 Nxc6 
6.O-O Bc5 7.Be3 Bxe3 8.fxe3 d6 9.h3 O-O 10.d4 h6 
11.dxe5 Nxe5 12.Nxe5 dxe5 13.Qxd8 Rxd8 14.Nc3 Be6 
15.Rfd1 c6 16.Ne2 Bc4 17.Ng3 g6 18.b3 Be6 19.c4 b5 
{Please also move in the other game.}  20.cxb5 {i 
move then i decied what do}  axb5 {OK, no 
problem!}  21.Rdc1 Ra6 22.Ne2 Rd3 23.Rc3 Rd2 
24.Ng3 Raxa2 {.}  25.Rxa2 Rxa2 26.Rxc6 Bxb3 27.Rc5 
f6 28.Rxb5 Ra3 29.Rc5 Be6 30.Kf2 Kg7 31.Rc7+ Bf7 
32.Kf3 h5 33.h4 Ra4 34.Nh1 Rc4 35.Rxc4 Bxc4 36.g3 
Kh6 37.Nf2 Ba6 38.Nd1 Bb7 39.Nc3 f5 40.Nd5 Kg7 
41.Nc3 fxe4+ 42.Kf2 Bc6 43.Ke2 Kf6 44.Kf2 Kf5 
45.Kg2 Ke6 46.Kf2 Kf6 47.Ne2 g5 48.hxg5+ Kxg5 
49.Nc3 h4 50.gxh4+ Kxh4 51.Ne2 Kg4 52.Nc3 Kh3 
53.Ne2 Kh4 1/2-1/2

[Event "HCL-C191"]
[Site "www.playchess.de"]
[Date "2001.02.27"]
[Round "5"]
[White "Purple_Eagle00"]
[Black "Smutje"]
[WhiteElo "900"]
[BlackElo "941"]
[PlyCount "33"]
[Result "1-0"]

1.e4 e5 2.f4 exf4 3.Bc4 Qe7 4.Nc3 Qh4+ 5.Kf1 g5 
6.Nf3 Qh6 7.d3 Nf6 8.Ne5 Bd6 9.Nxf7 Qf8 10.Nxh8 
Qxh8 11.d4 Nc6 12.e5 Be7 13.exf6 Bxf6 14.Nd5 Bd8 
15.Qh5+ Kf8 16.Nxc7 Bxc7 17.Qf7+ {Good Game.} 
 1-0

[Event "HCL-B184"]
[Site "www.playchess.de"]
[Date "2001.02.27"]
[Round "29"]
[White "Yogibear"]
[Black "Bauernopfer"]
[WhiteElo "1836"]
[BlackElo "1307"]
[PlyCount "87"]
[Result "1-0"]

1.d3 c5 {Na dann auf ein neues und schon mal 
herzlichen Glückwunsch zum Turniersieg.}  2.e4 
{vielen Dank, der Sieg war nicht leicht, wegen der 
wirklich starken Gegenerschaft! Gruß Jürgen}  d6 
{Ich meinte zwar jetzt dieses 9er-Turnier, aber 
egal.}  3.Nc3 {schaun wir mal, einige mit kleinen 
Rating-Zahlen spielen äußerst stark! Gruß Jürgen}  
g6 {Wie ich natürlich. ;)}  4.g3 {keine Frage,in 
unserer letzten Partie standest du bis zum 
Figurenopfer nicht übel!}  Bg7 {Ja, ich habe 
momentan einfach zu viele Partien laufen. Da 
kommen halt Flüchtigkeitsfehler.}  5.Bg2 Nf6 {.}  
6.f4 O-O 7.Nf3 Nc6 8.O-O Bg4 9.h3 Bxf3 10.Bxf3 Qb6 
11.Rb1 c4+ 12.Kh2 cxd3 13.Qxd3 Nb4 14.Qe2 Rfc8 
15.Be3 Qa5 16.a3 Nc6 17.Rbd1 Rab8 18.Rd3 a6 
19.Rfd1 Qc7 20.Qf2 b5 21.R3d2 b4 22.axb4 Rxb4 
23.b3 Nd8 24.R2d3 Ne6 25.Qe2 Nc5 26.Bxc5 Qxc5 
27.e5 dxe5 28.fxe5 Ne8 29.Nd5 Rbb8 30.b4 Qa7 
31.Ra3 Rb7 32.Bg2 e6 33.Rxa6 Qb8 {Das war nur ein 
Bauernopfer. ;)}  34.Nf6+ {nun könnte es ein 
Qualitätsopfer werden!}  Bxf6 {.}  35.Bxb7 Qxb7 
36.exf6 Nxf6 37.b5 Rc3 38.Rd8+ Kg7 39.Rad6 Qc7 
{Helau und Alaaf! ;)}  40.b6 {Helau und Alaaf 
zurück, wird hier leider in Berlin nicht so sehr 
gefeiert. Da bleibt nur noch das TV}  Qb7 {Ja, in 
Hessen passiert da schon mehr. Werde heute 
nachmittag noch einen Umzug besuchen.}  41.Qg2 {na 
dann viel Spass! Und immer schön geradeaus 
laufen!}  Qxg2+ {Danke}  42.Kxg2 Rxc2+ 43.R6d2 
Rxd2+ 44.Rxd2 1-0

[Event "HCL-C192"]
[Site "www.playchess.de"]
[Date "2001.02.27"]
[Round "8"]
[White "Hubb"]
[Black "pgschumy"]
[WhiteElo "1051"]
[BlackElo "1000"]
[PlyCount "48"]
[Result "1/2-1/2"]

1.e4 c5 {hi}  2.Nf3 Nc6 3.d4 cxd4 4.Nxd4 {Hello !} 
 Nf6 {hi!}  5.Nc3 a6 6.Bc4 d6 7.Bb3 g6 8.O-O Bg7 
9.f4 O-O 10.Be3 Bd7 11.h3 Rc8 12.a3 Na5 13.Ba2 Nc4 
14.Bc1 Qb6 15.Bxc4 Rxc4 16.Be3 Nxe4 17.Nd5 Bxd4 
18.Nxb6 Bxe3+ 19.Kh2 Bxb6 20.Qd5 Bb5 21.Qxb7 Rxc2 
22.Qxe4 Rxb2 23.Rfe1 Rc8 24.Rec1 
Rxc1 1/2-1/2

[Event "HCL-A081"]
[Site "www.playchess.de"]
[Date "2001.02.27"]
[Round "22"]
[White "peze"]
[Black "gelus"]
[WhiteElo "1970"]
[BlackElo "1892"]
[PlyCount "62"]
[Result "1/2-1/2"]

1.c4 {Hello again! Good luck!}  Nf6 {hello, mr 
peze :-))}  2.Nc3 {:-)}  e6 3.d4 d5 4.cxd5 exd5 
5.Bg5 c6 6.e3 Be7 7.Bd3 Nbd7 8.Qc2 O-O 9.Nge2 Re8 
10.O-O Nf8 11.f3 Ng6 12.Rad1 Be6 13.Ng3 Rc8 
14.Rde1 c5 15.f4 Nf8 16.f5 Bd7 17.dxc5 Rxc5 {very 
complicated}  18.Qd2 {:-)}  Qb6 {.}  19.a3 h6 
20.Bf4 Rcc8 21.Kh1 Bd6 22.Bxd6 Qxd6 23.Rf4 Re5 
24.Rd4 Qe7 25.Re2 Re8 26.e4 Qc5 27.Bc2 dxe4 
28.Ncxe4 Nxe4 29.Rdxe4 R5xe4 30.Bxe4 Bb5 31.Re1 
Qe7 1/2-1/2

[Event "HCL-A083"]
[Site "www.playchess.de"]
[Date "2001.02.27"]
[Round "9"]
[White "Rifleman"]
[Black "Mathew_Cooke"]
[WhiteElo "1586"]
[BlackElo "1700"]
[PlyCount "21"]
[Result "1/2-1/2"]

1.e4 {Hello! Lets play.}  c5 {sure good luck}  
2.d4 cxd4 3.Nf3 {     :}  e5 4.Nxe5 Qe7 5.Qxd4 Nf6 
6.Nc3 {Can't accept a draw because of the 10 move 
rule. Can after 10 moves,thanks}  d6 7.Bb5+ Bd7 
8.Bxd7+ {:}  Nfxd7 9.Nxd7 Nc6 10.Qc4 Qxd7 
11.O-O 1/2-1/2

[Event "HCL-B191"]
[Site "www.playchess.de"]
[Date "2001.02.27"]
[Round "7"]
[White "assmonkey"]
[Black "steeve"]
[WhiteElo "1048"]
[BlackElo "1500"]
[PlyCount "58"]
[Result "0-1"]

1.e4 {Good luck.}  e5 {good luck also}  2.Nf3 Nc6 
3.Bb5 a6 4.Bc4 Nf6 5.O-O Bc5 6.d3 d6 7.Nc3 Na5 
8.Nd2 b5 9.Bd5 c6 10.Bb3 Ng4 11.h3 h5 12.Nf3 Nxb3 
13.cxb3 Bd7 14.d4 exd4 15.Ne2 Qf6 16.Bg5 Qg6 
17.Ng3 f6 18.Bh4 O-O-O 19.Nh2 Qh7 20.Qd3 Nxh2 
21.Kxh2 g5 22.Qf3 gxh4 23.Nf5 Bxf5 24.Qxf5+ Qxf5 
25.exf5 Rhg8 26.Rae1 Rde8 27.Re6 Rxe6 28.fxe6 Re8 
29.Re1 d3 0-1

[Event "HCL-B192"]
[Site "www.playchess.de"]
[Date "2001.02.27"]
[Round "11"]
[White "rockmountain"]
[Black "toilet"]
[WhiteElo "761"]
[BlackElo "1881"]
[PlyCount "36"]
[Result "0-1"]

1.e4 d6 2.Nc3 Nf6 3.Nf3 Nbd7 4.Bd3 Nc5 5.O-O Nxd3 
6.cxd3 e5 7.a4 a5 8.b3 c6 9.Ba3 Qb6 10.Ng5 {be in 
hosiptal till26th}  h6 11.Nxf7 Kxf7 12.Bxd6 Bxd6 
13.Qf3 Bg4 14.Qg3 Rad8 15.h3 Be6 16.h4 g5 17.hxg5 
hxg5 18.Qxg5 Rh5 0-1

[Event "HCL-B192"]
[Site "www.playchess.de"]
[Date "2001.02.27"]
[Round "19"]
[White "deadeasy"]
[Black "jabbaman"]
[WhiteElo "1869"]
[BlackElo "1282"]
[PlyCount "45"]
[Result "1-0"]

1.d4 {hello from london. i look forward to an 
interesting game}  g6 {Helleo from Victoria, BC - 
a good game for sure!}  2.e4 {thats canada, but 
what is BC?}  Bg7 {BC? British Columbia - the 
province I live in. Where are you??}  3.Nc3 {i 
live in london, home is peterborough 80 miles 
north}  d6 {Do you use the web  to research 
holidays?Which searc engines do you use?}  4.Bc4 
{never before, but my partner is turkish so  am 
looking for a flight now}  Nf6 {the reason i ask 
is a client is doing a website for bed&breakfast 
places in Sooke and we are trying}  5.Qe2 {b&b 
where?}  c5 {The B&B is in Sooke - just outside of 
Victoria & the start of the  West Coast Trail. 
Very beautiful!}  6.dxc5 dxc5 7.e5 Ng4 8.e6 {i 
will look sooke up on the map. interestingly the 
area i come from is the Soke of Peterborough}  f5 
{Nice trap!}  9.Nf3 Nc6 10.O-O a6 11.Rd1 Qc7 {what 
a mess!!!!}  12.Nd5 {i thought it held together up 
to here, but i do think your 11 move could be 
better}  Qd6 13.Bf4 Nge5 {I offered you my queen 
for a rook and a piece - why didn't you take it?}  
14.Nb6 {that is a difference of 1 pawn value. i 
thought retaining the pressure was worth more than 
a pawn.}  Qb8 {I see your point!}  15.Bxe5 Bxe5 
{ne mercy!}  16.Nxe5 Nxe5 {I should just resign - 
but what the heck!}  17.Nxa8 Nxc4 18.Qxc4 Qxa8 
19.Qxc5 {never resign whilst there is play in a 
position.}  Bxe6 {Yes, stand up and get shot 
down!}  20.Rde1 Kf7 21.Rxe6 {well either that wins 
or we are about equal again}  Kxe6 22.Re1+ Kf6 
{I'm toast!}  23.Qxe7+ {thanks for the game} 
 1-0

[Event "HCL-C198"]
[Site "www.playchess.de"]
[Date "2001.02.27"]
[Round "10"]
[White "donkey"]
[Black "Fletch_72"]
[WhiteElo "1215"]
[BlackElo "1000"]
[PlyCount "31"]
[Result "1-0"]

1.d4 {hello!}  d5 2.c4 Nf6 {How are you donkey?}  
3.cxd5 {what do you mean?}  Nxd5 {I mean, how are 
you doing?}  4.Nf3 {sorry for my stupidness, but 
what I'm doing?}  Bg4 5.Nbd2 {well and you?}  g6 
6.h3 Bf5 7.e4 Bxe4 {good bro}  8.Nxe4 Bg7 9.Bc4 
Nc6 10.O-O Nb6 11.Bb5 O-O 12.Bxc6 bxc6 13.Re1 Nd5 
14.Bg5 Nb4 15.Nc5 h6 16.Bxe7 1-0

[Event "HCL-B197"]
[Site "www.playchess.de"]
[Date "2001.02.27"]
[Round "19"]
[White "Capablancanot"]
[Black "GMKingArs"]
[WhiteElo "1712"]
[BlackElo "1500"]
[PlyCount "49"]
[Result "1-0"]

1.d4 {Wellcome. Have a fun game!}  Nf6 {For you 
to!}  2.c4 {Great...}  g6 3.Nc3 Bg7 4.e4 d6 5.f4 
O-O 6.Nf3 c5 7.dxc5 Qa5 8.Bd3 Qxc5 9.Qe2 Nc6 
10.Be3 {This is fun.}  Qa5 11.Bd2 Nb4 12.Bb1 Qh5 
13.a3 Nc6 14.O-O Bg4 15.Be3 {You WOULD find that 
move! I was really hoping you'd miss that! Now I 
have to find a way to defend d4}  Bxf3 {the 
position is good}  16.gxf3 {For you...I'm totally 
defensive here. But I'm having fun.}  Nd7 {:-]}  
17.Qd2 {No dirty tricks now. I see where that 
Knights headed and I don't like it.}  Nc5 {to good 
houses for my horses now}  18.Ba2 Qh3 19.Rad1 Ne6 
20.Ne2 a6 21.b4 Rac8 22.Ng3 Qh4 23.f5 Nc7 24.Kg2 
Ne5 25.Bg5 1-0

[Event "HCL-B196"]
[Site "www.playchess.de"]
[Date "2001.02.27"]
[Round "5"]
[White "hal9000"]
[Black "cmcmark"]
[WhiteElo "1200"]
[BlackElo "1200"]
[PlyCount "31"]
[Result "1/2-1/2"]

1.e4 c5 2.Nf3 e6 3.d4 cxd4 4.Nxd4 a6 5.Bc4 Qc7 
6.Bb3 Nf6 7.Nc3 Bb4 8.Bd2 Nc6 9.Nxc6 dxc6 10.O-O 
e5 {So how is the weather in Norway?  At least 
after this move we can have a draw and it won't 
hurt us.}  11.Re1 Bg4 12.Qf3 {weather? 
cold...draw? got the opening a bit wrong so i 
would be ok whit that..}  Bxf3 {Had you played f3 
I would agree to a draw.}  13.gxf3 {f3 was my 
move...but if this is the way you want to win, we 
cant all have good sportsmanship...}  O-O-O {I'll 
give it back to you.}  14.a3 {the game is ruined, 
come to playsite.com and we have a live game for 
it now today}  Ba5 {Can't get to playsite but 
chesslab.com is also good.  Best time to catch me 
there is 0530 EST USA}  15.Ba2 {ok, then same name 
chesslab}  Rxd2 {I'll Be looking}  16.Rec1 {thx, 
not everyone would have agreed to that} 
 1/2-1/2

[Event "HCL-C201"]
[Site "www.playchess.de"]
[Date "2001.02.27"]
[Round "24"]
[White "Coney"]
[Black "Toady"]
[WhiteElo "1053"]
[BlackElo "1000"]
[PlyCount "39"]
[Result "1-0"]

1.e4 {Which part of England - i am from South 
Wales!}  e5 {Epping, Essex}  2.f4 d6 3.fxe5 dxe5 
4.Nf3 Nc6 5.Bb5 Bd7 6.O-O Bc5+ 7.Kh1 a6 8.Bxc6 
Bxc6 9.Nxe5 Bxe4 10.Nxf7 Qd5 11.Qe2 Bd6 12.d3 Nf6 
13.Nxh8 O-O-O 14.dxe4 Qe5 15.Bf4 Qd4 16.Bxd6 Rxd6 
17.Nc3 h5 18.Rad1 Qe5 19.Rxd6 Qxd6 
20.e5 1-0

[Event "HCL-A021"]
[Site "www.playchess.de"]
[Date "2001.02.27"]
[Round "2"]
[White "Brent"]
[Black "maxcoco"]
[WhiteElo "1700"]
[BlackElo "1531"]
[PlyCount "22"]
[Result "0-1"]

1.e4 e5 2.Nf3 e4 3.Ne5 d6 4.Nc4 d5 5.Ne3 d4 6.Nc4 
b5 7.Nca3 a6 8.c3 dxc3 9.bxc3 Qf6 10.Be2 b4 
11.cxb4 Qxa1 0-1

[Event "HCL-A021"]
[Site "www.playchess.de"]
[Date "2001.02.27"]
[Round "4"]
[White "maxcoco"]
[Black "Al-azmi"]
[WhiteElo "1531"]
[BlackElo "1700"]
[PlyCount "40"]
[Result "0-1"]

1.e4 c5 2.Nf3 Nc6 3.c3 d5 4.exd5 Qxd5 5.g3 Bg4 
6.Bg2 Qe4+ 7.Kf1 Qd3+ 8.Kg1 O-O-O 9.h3 Bh5 10.Kh2 
f5 11.Re1 Nf6 12.Re3 Qa6 13.Qb3 c4 14.Qc2 Bg6 
15.Nh4 f4 16.Nxg6 fxe3 17.Nxh8 e2 18.Qf5+ Rd7 
19.Qe6 Nd4 20.Bxb7+ Kxb7 0-1

[Event "HCL-A021"]
[Site "www.playchess.de"]
[Date "2001.02.27"]
[Round "5"]
[White "Al-azmi"]
[Black "aaa"]
[WhiteElo "1700"]
[BlackElo "1700"]
[PlyCount "21"]
[Result "1-0"]

1.d4 Nf6 2.c4 e6 3.Nf3 c5 4.d5 d6 5.Nc3 Na6 6.e4 
g6 7.dxe6 fxe6 8.e5 Nh5 9.g4 Ng7 10.Bf4 dxe5 
11.Qxd8+ 1-0

[Event "HCL-A021"]
[Site "www.playchess.de"]
[Date "2001.02.27"]
[Round "6"]
[White "Brent"]
[Black "Al-azmi"]
[WhiteElo "1700"]
[BlackElo "1700"]
[PlyCount "28"]
[Result "0-1"]

1.e4 c5 2.Nf3 d5 3.exd5 Qxd5 4.Nc3 Qd6 5.g3 Bg4 
6.Bg2 Qe6+ 7.Qe2 Qxe2+ 8.Nxe2 Nc6 9.O-O Nb4 10.c3 
Nd3 11.h3 Bxf3 12.Bxf3 O-O-O 13.Be4 Nxc1 14.Raxc1 
Nf6 0-1

[Event "HCL-A021"]
[Site "www.playchess.de"]
[Date "2001.02.27"]
[Round "7"]
[White "aldo"]
[Black "maxcoco"]
[WhiteElo "1700"]
[BlackElo "1531"]
[PlyCount "21"]
[Result "1-0"]

1.d4 Nf6 2.c4 e6 3.Nf3 c5 4.d5 d6 5.Nc3 exd5 
6.cxd5 Bf5 7.e4 Nxe4 8.Nxe4 Bxe4 9.Qa4+ Nd7 
10.Qxe4+ Qe7 11.Qxe7+ 1-0

[Event "HCL-A021"]
[Site "www.playchess.de"]
[Date "2001.02.27"]
[Round "16"]
[White "MarkusSSG"]
[Black "maxcoco"]
[WhiteElo "2422"]
[BlackElo "1531"]
[PlyCount "31"]
[Result "1-0"]

1.d4 Nf6 2.Bf4 e6 3.e3 c5 4.c3 d5 5.Nd2 Nc6 6.Ngf3 
b6 7.Bd3 g6 8.Ne5 Nxe5 9.Bxe5 Bg7 10.Qf3 O-O 
11.O-O-O Bd7 12.g4 b5 13.dxc5 a5 14.h4 h5 15.gxh5 
Nxh5 16.Bxg7 1-0

[Event "HCL-A021"]
[Site "www.playchess.de"]
[Date "2001.02.27"]
[Round "18"]
[White "MarkusSSG"]
[Black "Brent"]
[WhiteElo "2422"]
[BlackElo "1700"]
[PlyCount "21"]
[Result "1-0"]

1.d4 Nf6 2.Bf4 e6 3.e3 d5 4.Nd2 Bd6 5.Bg3 O-O 
6.Ngf3 Nc6 7.Ne5 Re8 8.f4 Nxe5 9.fxe5 Bxe5 10.Bxe5 
b6 11.Bd3 1-0

[Event "HCL-A021"]
[Site "www.playchess.de"]
[Date "2001.02.27"]
[Round "19"]
[White "Al-azmi"]
[Black "MarkusSSG"]
[WhiteElo "1700"]
[BlackElo "2422"]
[PlyCount "65"]
[Result "1-0"]

1.e4 e6 2.d4 d5 3.Nc3 Bb4 4.e5 c5 5.a3 Ba5 6.b4 
cxd4 7.Nb5 Bc7 8.f4 Ne7 9.Nf3 Bd7 10.Nbxd4 Ba4 
11.Qd3 Nbc6 12.Ne2 a6 13.Nc3 b5 14.Nxa4 bxa4 15.c4 
dxc4 16.Qxc4 Bb6 17.Bd2 Nd4 18.Nxd4 Qxd4 19.Qxd4 
Bxd4 20.Rc1 Nd5 21.Bxa6 Bb2 22.Rb1 Bxa3 23.Bb7 Rd8 
24.Bc6+ Ke7 25.h4 Nb6 26.Be3 Nd7 27.Rh3 Rdc8 
28.Bxd7 Kxd7 29.Bd2 Bxb4 30.Rd3+ Kc6 31.Bxb4 Rhd8 
32.Bd6 Kd7 33.Rd4 1-0

[Event "HCL-A021"]
[Site "www.playchess.de"]
[Date "2001.02.27"]
[Round "22"]
[White "maxcoco"]
[Black "stud"]
[WhiteElo "1531"]
[BlackElo "1700"]
[PlyCount "27"]
[Result "1-0"]

1.e4 e5 2.Nf3 Nc6 3.Nc3 Bc5 4.Bc4 d6 5.d3 Rb8 
6.Be3 Bxe3 7.fxe3 Nge7 8.O-O a6 9.d4 exd4 10.Nxd4 
Nxd4 11.Bxf7+ Kd7 12.exd4 Nc6 13.Qg4+ Ke7 
14.Nd5+ 1-0

[Event "HCL-A021"]
[Site "www.playchess.de"]
[Date "2001.02.27"]
[Round "29"]
[White "lubos"]
[Black "maxcoco"]
[WhiteElo "1886"]
[BlackElo "1531"]
[PlyCount "27"]
[Result "1-0"]

1.e4 e5 2.Nf3 Nc6 3.Bb5 d6 4.O-O Bd7 5.d3 Nf6 
6.Nc3 a6 7.Ba4 Be7 8.Ne2 b5 9.Bb3 Bg4 10.Ng5 O-O 
11.f4 Nd4 12.Nf3 Bxf3 13.gxf3 Nxe2+ 
14.Qxe2 1-0

[Event "HCL-A021"]
[Site "www.playchess.de"]
[Date "2001.02.27"]
[Round "32"]
[White "Al-azmi"]
[Black "lubos"]
[WhiteElo "1700"]
[BlackElo "1886"]
[PlyCount "86"]
[Result "1/2-1/2"]

1.d4 d5 2.c4 dxc4 3.Nf3 Bg4 4.Ne5 Bh5 5.Nc3 e6 
6.g4 Bg6 7.h4 f6 8.Qa4+ c6 9.Nxg6 hxg6 10.Qxc4 Kf7 
11.h5 gxh5 12.Rxh5 Rxh5 13.gxh5 f5 14.e4 fxe4 
15.Nxe4 Be7 16.Bh3 Qd5 17.Qe2 Nd7 18.Qf3+ Ke8 
19.Ng5 Bxg5 20.Qxd5 exd5 21.Bxg5 Ndf6 22.Bf5 Ne7 
23.Bg6+ Nxg6 24.Bxf6 gxf6 25.hxg6 Kf8 26.Kd2 Kg7 
27.Re1 Kxg6 28.Re7 Rb8 29.b4 a6 30.Ke3 f5 31.Kf4 
Kf6 32.Rh7 Re8 33.f3 Re2 34.a4 Rd2 35.Ke3 Ra2 
36.a5 Ra3+ 37.Ke2 Kg5 38.Rxb7 Kf4 39.Ra7 Re3+ 
40.Kd2 Rb3 41.Rxa6 Rxb4 42.Rxc6 Rxd4+ 43.Kc3 
Ra4 1/2-1/2

[Event "HCL-A021"]
[Site "www.playchess.de"]
[Date "2001.02.27"]
[Round "36"]
[White "stud"]
[Black "lubos"]
[WhiteElo "1700"]
[BlackElo "1886"]
[PlyCount "22"]
[Result "0-1"]

1.e4 e5 2.Nf3 Nc6 3.Nc3 Nf6 4.d4 Bb4 5.Qd3 exd4 
6.Nxd4 O-O 7.Bg5 Qe7 8.Bxf6 Qxf6 9.Nxc6 dxc6 10.f3 
Be6 11.Be2 Qg5 0-1

[Event "HCL-A028"]
[Site "www.playchess.de"]
[Date "2001.02.28"]
[Round "36"]
[White "Sd_68"]
[Black "Aussie_3340"]
[WhiteElo "1741"]
[BlackElo "1767"]
[PlyCount "57"]
[Result "1-0"]

1.e4 e5 2.Nf3 Nc6 3.Bb5 a6 4.Ba4 Nf6 5.O-O Be7 
6.Re1 b5 7.Bb3 O-O 8.c3 d5 9.exd5 Nxd5 10.Nxe5 
Nxe5 11.Rxe5 c6 12.Bxd5 cxd5 13.Qf3 Bd6 14.Re1 Re8 
15.Rxe8+ Qxe8 16.Qe3 Bf5 17.d4 Bf4 18.Qxe8+ Rxe8 
19.Be3 Bxe3 20.fxe3 Rxe3 21.Kf2 Rd3 22.Ke2 b4 
23.a4 Be4 24.cxb4 Rxd4 25.b5 Bxb1 26.Rxb1 axb5 
27.a5 Ra4 28.b4 Kf8 29.Ke3 1-0

[Event "HCL-A058"]
[Site "www.playchess.de"]
[Date "2001.02.28"]
[Round "16"]
[White "Flash_Force"]
[Black "EKALAYA"]
[WhiteElo "1507"]
[BlackElo "1935"]
[PlyCount "66"]
[Result "1/2-1/2"]

1.e4 c5 2.c3 d5 3.exd5 Qxd5 4.d4 e6 5.Nf3 Nc6 
6.Be3 cxd4 7.cxd4 Nf6 8.Nc3 Qa5 9.a3 a6 10.Bd3 Be7 
{Welcome back to PlayChess !}  11.O-O {Yes! and a 
happy new year}  O-O 12.b4 {It will take a while 
to "tune in" again}  Qd8 13.Qb3 {I just asked my 
girl for some more Polish. But it is swearing lol} 
 Qd7 14.Rfd1 Bd8 15.Ne5 Qe8 16.Rac1 {It seems I 
got the wrong flag. The Polish flag has the red 
half on the bottom.}  Ne7 17.Ne4 Nxe4 18.Bxe4 Nf5 
19.Rxc8 Rxc8 20.Bxb7 Rc7 21.Bxa6 Nxe3 22.fxe3 Be7 
23.Bc4 Bd6 24.Nd3 Qe7 25.a4 Qg5 26.Nc5 Qh5 27.g3 
Rb8 28.Rf1 Bxc5 29.dxc5 Rxc5 30.Bxe6 Rc7 31.Bd5 
Kh8 32.Bxf7 Qe2 33.Rf2 Rc1+ {The position has 
become equal now .. would you like a draw ?} 
 1/2-1/2

[Event "HCL-A067"]
[Site "www.playchess.de"]
[Date "2001.02.28"]
[Round "6"]
[White "nextalby"]
[Black "Tassiac"]
[WhiteElo "1700"]
[BlackElo "1560"]
[PlyCount "55"]
[Result "1-0"]

1.d4 d5 2.c4 c6 3.Nc3 e6 4.Nf3 Nf6 5.Bf4 Nbd7 6.e3 
Be7 7.Bd3 O-O 8.Rc1 dxc4 9.Bxc4 Nb6 10.Bd3 Nbd5 
11.Bg5 Nd7 12.Bxe7 Qxe7 13.Nxd5 exd5 14.O-O Nf6 
15.Qc2 h6 16.a4 Re8 17.a5 Bd7 18.a6 b6 19.Ne5 Rec8 
20.Nxd7 Nxd7 21.Bh7+ Kf8 22.Bf5 Rc7 23.Bxd7 Qxd7 
24.Qh7 f6 25.Qh8+ Kf7 26.Qxa8 Rc8 27.Qb7 Rc7 
28.Qb8 1-0

[Event "HCL-B085"]
[Site "www.playchess.de"]
[Date "2001.02.28"]
[Round "9"]
[White "JABBERWOCKY"]
[Black "Zehni"]
[WhiteElo "1349"]
[BlackElo "1590"]
[PlyCount "76"]
[Result "0-1"]

1.e4 e5 2.Nf3 Nc6 3.Nc3 Bc5 4.d3 Nf6 5.Bg5 d6 
6.Nd5 h6 7.Bxf6 gxf6 8.c3 Bg4 9.Be2 f5 10.h3 Bxf3 
11.Bxf3 fxe4 12.Bxe4 Kf8 13.Qf3 Ne7 14.Qf6 Ng6 
15.Qxd8+ Rxd8 16.Nxc7 Ne7 17.O-O d5 18.Bf3 a6 
19.Bg4 Bb6 20.Ne6+ fxe6 21.Bxe6 Rd6 22.Bg4 Ng6 
23.Bc8 Ke7 24.Bxb7 Rb8 25.Bxa6 Bd8 26.f4 Rxa6 
27.fxe5 Rxb2 28.a3 Nxe5 29.Rae1 Ke6 30.d4 Bc7 
31.dxe5 Bb6+ 32.Kh1 Bf2 33.Red1 Rxa3 34.Rd3 Re2 
35.Rfd1 Re1+ 36.Rxe1 Bxe1 37.g4 Bxc3 38.h4 
Kxe5 0-1

[Event "HCL-B113"]
[Site "www.playchess.de"]
[Date "2001.02.28"]
[Round "9"]
[White "abed"]
[Black "dom"]
[WhiteElo "1789"]
[BlackElo "1500"]
[PlyCount "115"]
[Result "1-0"]

1.e4 e5 2.Nf3 Nc6 3.Bc4 Nf6 4.d3 Bc5 5.Bg5 d6 6.c3 
Be6 7.Nbd2 a6 8.b4 Bb6 9.Qb3 Qe7 10.O-O O-O-O 
11.a4 Qd7 12.b5 Na5 13.Bxe6 fxe6 14.Qb4 Rhf8 15.c4 
h6 16.Be3 axb5 17.axb5 Ng4 18.Rxa5 Bxa5 19.Qxa5 
Qe7 20.Qa8+ Kd7 21.Qxb7 Ke8 22.h3 Nxe3 23.fxe3 g5 
24.c5 dxc5 25.Nxe5 Rxf1+ 26.Kxf1 Qf6+ 27.Ndf3 h5 
28.Qc6+ Kf8 29.Qxc5+ Kg8 30.d4 Ra8 31.Nd3 g4 
32.Qg5+ Qg7 33.hxg4 Ra1+ 34.Kf2 Ra2+ 35.Kg1 hxg4 
36.Qxg7+ Kxg7 37.Nfe5 g3 38.Kf1 Kf6 39.b6 cxb6 
40.Nd7+ Kg5 41.Nxb6 Ra1+ 42.Ke2 Ra2+ 43.Kf3 Kh4 
44.d5 exd5 45.exd5 Kg5 46.e4 Ra3 47.Ke3 Kf6 48.e5+ 
Ke7 49.Nc8+ Kd8 50.Nd6 Ra2 51.Nf4 Kd7 52.Kf3 Ra3+ 
53.Kg4 Re3 54.Nf7 Ke7 55.e6 Ra3 56.d6+ Kf6 57.d7 
Ra8 58.d8Q+ {%}  1-0

[Event "HCL-B120"]
[Site "www.playchess.de"]
[Date "2001.02.28"]
[Round "4"]
[White "Japie"]
[Black "Sportman"]
[WhiteElo "1210"]
[BlackElo "1200"]
[PlyCount "69"]
[Result "1/2-1/2"]

1.e4 e6 2.d4 d5 3.e5 c5 4.Nf3 cxd4 5.Qxd4 Nc6 
6.Bb5 Bd7 7.Bxc6 Bxc6 8.O-O f6 9.Re1 Qd7 10.Nc3 
Be7 11.Be3 b6 12.a4 f5 13.b4 Rc8 14.a5 Bd8 15.b5 
Bb7 16.axb6 Bxb6 17.Qb4 Bxe3 18.Rxe3 Ba8 19.Rd3 
Ne7 20.b6 Nc6 21.Qb5 axb6 22.Qxb6 O-O 23.Nb5 Rcb8 
24.Qc5 Nb4 25.Qxb4 Qxb5 26.Qxb5 Rxb5 27.Nd4 Rb6 
28.h3 Kf7 29.Rda3 Rbb8 30.Nb3 Rfc8 31.f3 Rxc2 
32.R3xa8 Rxb3 33.R8a7+ Kg6 34.R7a6 Kf7 
35.R6a7+ 1/2-1/2

[Event "HCL-B121"]
[Site "www.playchess.de"]
[Date "2001.02.28"]
[Round "12"]
[White "Simka"]
[Black "Gorodish"]
[WhiteElo "1200"]
[BlackElo "1675"]
[PlyCount "83"]
[Result "1/2-1/2"]

1.e4 e6 2.d4 d5 3.e5 c5 4.c3 Bd7 5.Nf3 Nc6 6.Be2 
cxd4 7.cxd4 Nge7 8.Na3 Nf5 9.O-O Bxa3 10.bxa3 O-O 
11.Rb1 Qc7 12.Bd3 Rfc8 13.Bxf5 exf5 14.Qb3 Na5 
15.Qxd5 Bc6 16.Qd6 Qxd6 17.exd6 Nc4 18.Bf4 Rcd8 
19.Nh4 g6 20.d5 Bxd5 21.Rfd1 Bc6 22.Rbc1 Nb6 
23.Nf3 Nd5 24.Be3 Rxd6 25.Bc5 Rdd8 26.Ne5 Bb5 
27.f3 f6 28.Nd3 b6 29.Nb4 Nf4 30.Be7 Rxd1+ 31.Rxd1 
Kf7 32.Bd6 Rd8 33.Rd2 Ne6 34.Bf4 Rxd2 {You need a 
draw to come to A-Class?}  35.Bxd2 f4 36.Nd5 g5 
37.Bc3 Bc4 38.Nxf6 Kg6 39.Ng8 a6 40.Ne7+ Kh5 
41.g4+ fxg3 42.hxg3 1/2-1/2

[Event "HCL-B132"]
[Site "www.playchess.de"]
[Date "2001.02.28"]
[Round "5"]
[White "esquire99"]
[Black "fadda"]
[WhiteElo "1400"]
[BlackElo "1558"]
[PlyCount "43"]
[Result "1-0"]

1.e4 e5 2.Nf3 Nc6 3.c3 Nf6 4.d3 d5 5.Nbd2 d4 6.Be2 
b6 7.O-O Bb7 8.Re1 Qd7 9.Nf1 O-O-O 10.Ng3 g6 
11.Bg5 Be7 12.Bxf6 Bxf6 13.Nd2 h5 14.b4 h4 15.Bg4 
hxg3 16.Bxd7+ Rxd7 17.fxg3 dxc3 18.Nb1 Nxb4 
19.Nxc3 Nxd3 20.Rf1 Be7 21.Qf3 f5 
22.Kh1 1-0

[Event "HCL-B143"]
[Site "www.playchess.de"]
[Date "2001.02.28"]
[Round "2"]
[White "Pirate-Rebel"]
[Black "fighter"]
[WhiteElo "1400"]
[BlackElo "1200"]
[PlyCount "30"]
[Result "0-1"]

1.e4 c5 2.Nf3 d6 3.d4 cxd4 4.Nxd4 Nf6 5.Nc3 e5 
6.Nb3 Be7 7.f3 O-O 8.Be3 Nc6 9.Qd2 Be6 10.O-O-O a5 
11.Kb1 a4 12.Nc1 Na5 13.g4 Qc7 14.g5 Nd7 15.Nb5 
Qc6 0-1